| 000 | 00693cam a2200241 a 4500 | ||
|---|---|---|---|
| 001 | 3857430 | ||
| 005 | 20180221041903.0 | ||
| 008 | 881219s1989 ncua b 001 0 eng | ||
| 010 | _a 88036730 | ||
| 020 | _a0807818380 (alk. paper) | ||
| 020 | _a0807842478 (pbk. : alk. paper) | ||
| 040 |
_aDLC _cDLC _dDLC |
||
| 041 | _aeng | ||
| 043 |
_an-us-nc _an-us-sc |
||
| 080 | _a338.097 | ||
| 082 | 0 | 0 |
_a338.097 ALL _219 |
| 100 | 1 | _a52 | |
| 101 | _aEKO | ||
| 245 | 1 | 0 |
_aHabits of industry : _cAllen Tullos. |
| 504 | _aBibliography: p. [339]-377. | ||
| 906 |
_a7 _bcbc _corignew _d1 _eocip _f19 _gy-gencatlg |
||
| 942 |
_2ddc _cBK |
||
| 999 |
_c43016 _d43016 |
||